Flower of Battambang / (Record no. 9437)

MARC details
000 -LEADER
fixed length control field 00593nam a22002177a 4500
001 - CONTROL NUMBER
control field 9437
003 - CONTROL NUMBER IDENTIFIER
control field FISKH
005 - DATE AND TIME OF LATEST TRANSACTION
control field 20260108103619.0
008 - FIXED-LENGTH DATA ELEMENTS--GENERAL INFORMATION
fixed length control field 260108b cb ||||| |||| 00| 0 eng d
020 ## - INTERNATIONAL STANDARD BOOK NUMBER
International Standard Book Number 9789995085346
040 ## - CATALOGING SOURCE
Original cataloging agency FISKH
Language of cataloging eng
Transcribing agency FISKH
Modifying agency FISKH
082 ## - DEWEY DECIMAL CLASSIFICATION NUMBER
Classification number 741.5
100 ## - MAIN ENTRY--PERSONAL NAME
Personal name Satya , Em
245 ## - TITLE STATEMENT
Title Flower of Battambang /
Statement of responsibility, etc. By Em Satya
260 ## - PUBLICATION, DISTRIBUTION, ETC.
Place of publication, distribution, etc. Phnom Penh :
Name of publisher, distributor, etc. Our Books ,
Date of publication, distribution, etc. 2006 .
300 ## - PHYSICAL DESCRIPTION
Extent 100 pages :
Other physical details illustrations ;
Dimensions 20 cm .
700 ## - ADDED ENTRY--PERSONAL NAME
Personal name Santepheap , Lim
Relator term Editor
700 ## - ADDED ENTRY--PERSONAL NAME
Personal name Weeks , John
Relator term Assistant Editor
942 ## - ADDED ENTRY ELEMENTS (KOHA)
Source of classification or shelving scheme Dewey Decimal Classification
Koha item type Books
Suppress in OPAC No
Holdings
Withdrawn status Lost status Source of classification or shelving scheme Damaged status Not for loan Collection Home library Current library Shelving location Date acquired Total Checkouts Full call number Barcode Date last seen Price effective from Koha item type
    Dewey Decimal Classification     Fiction Footprints International School Library Network Toul Tom Poung Campus Footprints International School Library Network Toul Tom Poung Campus TTP Comic Books all Levels 01/08/2026   SAT 741.5 2026-0022 01/08/2026 01/08/2026 Books